00706nam a2200169Ia 450000500170000000800410001702000150005808200130007310000150008624500180010126000330011930000140015250002540016694200060042095200950042699900150052120240823010858.0240331s9999 xx 000 0 und d a0140444173 bTOLa800 aTolstoy, L 0aWar and peace aEnglandbPenguin Groupc1869 a1443 p ., aA complete picture of human life: a complete picture of the Russia of that day: a complete picture of everything in which people place their happiness and greatness, their grief and humiliation. that is war and peace. ' writes a contemporary critic. cL 001040708LaWERCLbWERCLcSSCd2024-03-31l0o 800 TOLp1349r2024-03-31w2024-03-31yL c3091d3091